Southville International School and Colleges
Your cart is empty.
  • Cart
  • Lists
    Public lists Eva Luna New books Lux_list list_1
    Your lists Log in to create your own lists
  • Log in to your account
  • Your cookies
  • Search history
Southville International School and Colleges
  • Advanced search
  • Recent comments
  • Most popular
  • Libraries

Log in to your account

Log in with GOOGLE


If you do not have an external account, but do have a local account, you can still log in:

  1. Home
  2. MARC view: Think rich to get rich :
Normal view MARC view ISBD view

Think rich to get rich : (Record no. 357014)

[ view plain ]
MARC details
000 -LEADER
fixed length control field 00592nam a2200229Ia 4500
008 - FIXED-LENGTH DATA ELEMENTS--GENERAL INFORMATION
fixed length control field 180523s9999 xx 000 0 und d
020 ## - INTERNATIONAL STANDARD BOOK NUMBER
International Standard Book Number 0-572-03191-2
050 ## - LIBRARY OF CONGRESS CALL NUMBER
Classification number MAIN HF 5386
050 ## - LIBRARY OF CONGRESS CALL NUMBER
Item number .J64 2006
100 ## - MAIN ENTRY--PERSONAL NAME
Personal name John, Larry.
245 #0 - TITLE STATEMENT
Title Think rich to get rich :
245 #4 - TITLE STATEMENT
Remainder of title the four golden rules for being successful in business /
245 #0 - TITLE STATEMENT
Statement of responsibility, etc Larry john.
260 ## - PUBLICATION, DISTRIBUTION, ETC. (IMPRINT)
Place of publication, distribution, etc London :
260 ## - PUBLICATION, DISTRIBUTION, ETC. (IMPRINT)
Name of publisher, distributor, etc Arcturus Pub. Ltd.,
260 ## - PUBLICATION, DISTRIBUTION, ETC. (IMPRINT)
Date of publication, distribution, etc 2006
300 ## - PHYSICAL DESCRIPTION
Extent 128 pages :
300 ## - PHYSICAL DESCRIPTION
Dimensions 15 cm.
500 ## - GENERAL NOTE
General note Includes index.
650 ## - SUBJECT ADDED ENTRY--TOPICAL TERM
Topical term or geographic name as entry element Success in business.
650 ## - SUBJECT ADDED ENTRY--TOPICAL TERM
General subdivision Wealth.
Holdings
Withdrawn status Lost status Damaged status Home library Current library Shelving location Date acquired Cost, normal purchase price Total Checkouts Full call number Barcode Date last seen Price effective from Koha item type
      South Mansfield College South Mansfield College   06/18/2007 1.00   MAIN HF 5386 .J64 2006 SMC03572 05/23/2018 05/23/2018  

Think rich to get rich :

APA

John L., .Think rich to get rich. London: .

Chicago

John Larry, .Think rich to get rich. London: .

Harvard

John L., .Think rich to get rich. London: .

MLA

John Larry, .London: . .

  • Place hold
  • Print
  • Cite
  • Add to your cart (remove)
  • Save record
    BIBTEX Dublin Core MARCXML MARC (non-Unicode/MARC-8) MARC (Unicode/UTF-8) MARC (Unicode/UTF-8, Standard) MODS (XML) RIS
  • More searches
    Search for this title in:
    Other Libraries (WorldCat) Other Databases (Google Scholar) Online Stores (Bookfinder.com) Open Library (openlibrary.org)

Exporting to Dublin Core...

SOUTHVILLE LIBRARY

Southville International School and Colleges Library

1281 Tropical Ave. Cor. Luxembourg St., BF Homes International, Las Pinas City

Tel. No. 8256374 / 252358 Loc. 117/146

Powered by Koha